000 01216cam a22003497a 4500
003 CHAP
005 20220329143029.0
008 050919d2004 mx r 00110 spa d
010 _a90933
011 _a91905
020 _a9681839854
035 _a102468
040 _cCHAP
082 0 4 _a517
_bP5Y
100 0 0 _aPiskunov, N.
_988563
245 1 0 _aCalculo diferencial e integral
_c/por N. Piskunov
260 _aMéxico, D.F. :
_bLimusa,
_c2004.
300 _a1019 ;
_bgráfs.
500 _aTrad. de : Diferentsialnoye I integraloye ischislenie
590 _aBATCH-UPD
_b10
_c20130110
_lUCH01
_h1558
590 _aBATCH-UPD
_b10
_c20130410
_lUCH01
_h0956
590 _aBATCH-UPD
_b10
_c20130914
_lUCH01
_h0952
590 _aCONVERSION
_b10
_c20130109
_lUCH01
_h1350
650 1 4 _aCálculo diferencial.
_923993
650 1 4 _aCálculo integral.
_923995
901 _aBK
905 _aAlejandra Carrasco M.
942 _cLIBRO
949 _a517 P5Y
_bBC
_cLIBRO
_d33724000962981
_eLIBRO
_fc.3
_gI.c/e
_h106482
_i102468
_si
_t$ 240.00
949 _a517 P5Y
_bBC
_cLIBRO
_d33724000963047
_eLIBRO
_fc.2
_gI.c/e
_h106481
_i102468
_si
_t$ 240.00
949 _a517 P5Y
_bBC
_cLIBRO
_d33724000972121
_eLIBRO
_gI.c/e
_h106480
_i102468
_so
_t$ 240.00
999 _c90933
_d90933